000 00916nam a2200265 i 4500
003 DO-SdBNP
005 20250708100810.0
007 ta
008 250708t2010 dr d 000 0 spa d
040 _aDO-SdBNP
_bspa
_cBNPHU
_erda
041 _hspa
082 _axxxx
_bM516
_222
100 1 _aMejía Santana, Julio César
_eautor
_4aut.
_965035
245 1 0 _aEmpleo y desempleo en República Dominicana :
_bla controversia de las cifras oficiales /
_cJulio César Mejía Santana
250 _aPrimera edición
264 _aSanto Domingo :
_bData M, consultores en datos y mercadeo
_c2010.
300 _a238 páginas
_bgráficas
_c26 cm.
336 _atexto
_btxt
_2rdacontent
337 _asin mediación
_bn
_2rdamedia
338 _avolumen
_bnc
_2rdacarrier
500 _aIncluye datos biografícos del autor en la contraportada.
590 _aInventariado, 2025/ YL
910 _aYLockward
942 _2ddc
_cLBS1
999 _c59453
_d59453